| 000 | 00609nam a22002057a 4500 | ||
|---|---|---|---|
| 999 |
_c13647 _d13647 |
||
| 003 | AR-CdUCM | ||
| 008 | 190416b ||||| |||| 00| 0 spa d | ||
| 040 |
_aMUNICIPALIDAD PROVINCIAL DEL CUSCO _cBIBLIOTECA MUNICIPAL DEL CUSCO |
||
| 082 |
_aES / 373.839 / _bC95 |
||
| 245 | _aCuentos de Anderson / | ||
| 260 |
_aMexico : _bEditora Nacional, _c1967. |
||
| 300 |
_a366 paginas ; _bilustraciones, _c24 cm. |
||
| 500 | _aCuentos e histortias | ||
| 650 |
_aCuentos _9217 |
||
| 650 |
_aHistorias _92725 |
||
| 650 |
_aLiteratura _983 |
||
| 650 |
_aSiglo XX _98 |
||
| 942 |
_2ddc _cLIBROS |
||
| 945 |
_apjha _d2019-04-16 |
||